[Event "ITA-ch U16"]
[Site "Salsomaggiore Terme"]
[Date "2019.07.12"]
[Round "7"]
[White "Titze, Leo"]
[Black "Maida, Federico"]
[Result "1-0"]
[WhiteElo "1919"]
[BlackElo "1604"]
[PlyCount "123"]
[EventDate "2019.07.07"]
[EventType "swiss"]
[EventRounds "9"]
[EventCountry "ITA"]
[SourceTitle "EXT 2020"]
[Source "ChessBase"]
[SourceDate "2019.10.17"]
[SourceVersion "1"]
[SourceVersionDate "2019.10.17"]
[SourceQuality "1"]

1. d4 d5 2. c4 e6 3. Nc3 Bb4 4. Nf3 Nf6 5. Bg5 h6 6. Bxf6 Qxf6 7. Qa4+ Nc6 8. e3 Bd7 9. Qc2 0-0 10. Be2 Na5 11. cxd5 exd5 12. 0-0 Bf5 13. Qa4 Bxc3 14. bxc3 b6 15. Rad1 Rfe8 16. Ne5 Qd6 17. Bb5 Re6 18. Be2 f6 19. Nd3 Nc4 20. Qb3 g5 21. Nb4 b5 22. Bxc4 bxc4 23. Qa4 h5 24. Qb5 a5 25. Qa4 Ree8 26. Nc2 Bd3 27. Rfe1 Reb8 28. Rb1 Qe6 29. f3 Qf5 30. e4 dxe4 31. Rxb8+ Rxb8 32. fxe4 Qb5 33. Qxb5 Rxb5 34. Ne3 Rb2 35. Nd5 Kg7 36. e5 fxe5 37. dxe5 Rxa2 38. Nxc7 Re2 39. Rxe2 Bxe2 40. Ne6+ Kg6 41. Kf2 Bd1 42. Ke1 Bb3 43. Nd4 a4 44. Kd2 g4 45. g3 Kg5 46. Kc1 a3 47. Kb1 h4 48. gxh4+ Kxh4 49. Nxb3 cxb3 50. e6 Kh3 51. e7 Kxh2 52. e8Q g3 53. c4 g2 54. Qe2 Kh1 55. Qf3 Kh2 56. Qf2 Kh1 57. Qh4+ Kg1 58. c5 Kf1 59. Qh3 Kf2 60. Qh2 Kf1 61. Qf4+ Ke2 62. Qg3 1-0

[Event "ITA-ch U16"]
[Site "Salsomaggiore Terme"]
[Date "2019.07.08"]
[Round "2"]
[White "Maida, Federico"]
[Black "Pozzari, Simone"]
[Result "1/2-1/2"]
[WhiteElo "1604"]
[BlackElo "2179"]
[PlyCount "114"]
[EventDate "2019.07.07"]
[EventType "swiss"]
[EventRounds "9"]
[EventCountry "ITA"]
[SourceTitle "EXT 2020"]
[Source "ChessBase"]
[SourceDate "2019.10.17"]
[SourceVersion "1"]
[SourceVersionDate "2019.10.17"]
[SourceQuality "1"]

1. d4 Nf6 2. g3 g6 3. Bg2 Bg7 4. Nf3 0-0 5. 0-0 d6 6. c4 Nbd7 7. Nc3 e5 8. e4 Qe7 9. Re1 c6 10. Rb1 Nb6 11. b3 Ng4 12. h3 exd4 13. Nxd4 Qf6 14. hxg4 Qxd4 15. Ne2 Qxd1 16. Rxd1 Bxg4 17. f3 Be6 18. Ba3 d5 19. exd5 cxd5 20. Bxf8 Bxf8 21. Nf4 Bf5 22. Nxd5 Nxd5 23. cxd5 Bxb1 24. Rxb1 Rc8 25. Rd1 Bd6 26. Rd2 Bxg3 27. d6 Rd8 28. d7 Kf8 29. Bh3 f5 30. Bf1 Ke7 31. Bb5 a6 32. Re2+ Kd6 33. Re8 Kc7 34. Bc4 Rxd7 35. Kg2 f4 36. Re2 b5 37. Be6 Re7 38. Bc4 Rd7 39. Be6 Rg7 40. Bh3 h5 41. Re6 g5 42. Bf5 Rd7 43. Rxa6 Rd2+ 44. Kg1 g4 45. Be4 h4 46. Rc6+ Kd7 47. fxg4 h3 48. Rc1 Kd6 49. Bf3 Rf2 50. Bb7 f3 51. g5 Ke5 52. g6 Kf6 53. Be4 Kg7 54. Rc7+ Bxc7 55. Kxf2 h2 56. Bxf3 Kxg6 57. a4 bxa4 1/2-1/2